<?xml version="1.0" encoding="UTF-8"?><?xml-stylesheet type="text/xsl" href="static/style.xsl"?><OAI-PMH xmlns="http://www.openarchives.org/OAI/2.0/" xmlns:xsi="http://www.w3.org/2001/XMLSchema-instance" xsi:schemaLocation="http://www.openarchives.org/OAI/2.0/ http://www.openarchives.org/OAI/2.0/OAI-PMH.xsd"><responseDate>2026-04-13T15:07:50Z</responseDate><request verb="GetRecord" identifier="oai:www.recercat.cat:10256/19644" metadataPrefix="marc">https://recercat.cat/oai/request</request><GetRecord><record><header><identifier>oai:recercat.cat:10256/19644</identifier><datestamp>2024-06-18T12:37:56Z</datestamp><setSpec>com_2072_452955</setSpec><setSpec>com_2072_2054</setSpec><setSpec>col_2072_453068</setSpec></header><metadata><record xmlns="http://www.loc.gov/MARC21/slim" xmlns:dcterms="http://purl.org/dc/terms/" xmlns:xsi="http://www.w3.org/2001/XMLSchema-instance" xmlns:doc="http://www.lyncode.com/xoai" xsi:schemaLocation="http://www.loc.gov/MARC21/slim http://www.loc.gov/standards/marcxml/schema/MARC21slim.xsd">
   <leader>00925njm 22002777a 4500</leader>
   <datafield ind2=" " ind1=" " tag="042">
      <subfield code="a">dc</subfield>
   </datafield>
   <datafield ind2=" " ind1=" " tag="720">
      <subfield code="a">Bonmatí Tomàs, Anna</subfield>
      <subfield code="e">author</subfield>
   </datafield>
   <datafield ind2=" " ind1=" " tag="720">
      <subfield code="a">Malagón Aguilera, M. Carmen</subfield>
      <subfield code="e">author</subfield>
   </datafield>
   <datafield ind2=" " ind1=" " tag="720">
      <subfield code="a">Bosch Farré, Cristina</subfield>
      <subfield code="e">author</subfield>
   </datafield>
   <datafield ind2=" " ind1=" " tag="720">
      <subfield code="a">Suñer Soler, Rosa</subfield>
      <subfield code="e">author</subfield>
   </datafield>
   <datafield ind2=" " ind1=" " tag="720">
      <subfield code="a">Fernández Peña, Roser</subfield>
      <subfield code="e">author</subfield>
   </datafield>
   <datafield ind2=" " ind1=" " tag="260">
      <subfield code="c">2018</subfield>
   </datafield>
   <datafield ind2=" " ind1=" " tag="520">
      <subfield code="a">The subject of Nutrition, metabolism and biochemistry of the Nursing Degree studieshas incorporated   the cooperative   learning   methodology.The   aimis   to   evaluate the improvement  of  students  'grades  and  to  know  the students'  perceptions  about  it.  The results  show  this  improvement  of  qualifications  in  a  statistically  significant  way  and  is considered  by  students  as  a  novel,  dynamic,  motivating  methodology  that  facilitates cooperation between the members of the groups</subfield>
   </datafield>
   <datafield ind2=" " ind1=" " tag="520">
      <subfield code="a">L’assignatura de Nutrició, metabolisme i bioquímica dels estudis de Grau d’Infermeria ha incorporat la metodologia d’aprenentatge cooperatiu. L’objectiu és avaluar la millora de qualificacions dels estudiants i conèixer la percepció dels estudiants sobre aquesta. Els resultats mostren aquesta millora de qualificacions de manera estadísticament significativa i és considerada pels estudiants com a una metodologia novedosa, dinàmica, motivadora, i que facilita la cooperació entre els membres dels grups</subfield>
   </datafield>
   <datafield ind1="8" ind2=" " tag="024">
      <subfield code="a">http://hdl.handle.net/10256/19644</subfield>
   </datafield>
   <datafield tag="653" ind2=" " ind1=" ">
      <subfield code="a">Ensenyament universitari -- Metodologia -- Congressos</subfield>
   </datafield>
   <datafield tag="653" ind2=" " ind1=" ">
      <subfield code="a">Education, Higher -- Methodology -- Congresses</subfield>
   </datafield>
   <datafield tag="653" ind2=" " ind1=" ">
      <subfield code="a">Aprenentatge actiu -- Ensenyament universitari -- Congressos</subfield>
   </datafield>
   <datafield tag="653" ind2=" " ind1=" ">
      <subfield code="a">Active learning -- Study and teaching (Higher) -- Congresses</subfield>
   </datafield>
   <datafield tag="653" ind2=" " ind1=" ">
      <subfield code="a">Aprenentatge -- Treball en equip</subfield>
   </datafield>
   <datafield tag="653" ind2=" " ind1=" ">
      <subfield code="a">Team learning approach in education</subfield>
   </datafield>
   <datafield tag="653" ind2=" " ind1=" ">
      <subfield code="a">Infermeria -- Ensenyament universitari -- Congressos</subfield>
   </datafield>
   <datafield tag="653" ind2=" " ind1=" ">
      <subfield code="a">Nursery -- Study and teaching (Higher) -- Congresses</subfield>
   </datafield>
   <datafield ind2="0" ind1="0" tag="245">
      <subfield code="a">Implementació de la metodologia d’aprenentatge cooperatiu a l’assignatura de Nutrició, metabolisme i bioquímica de Grau d’Infermeria Universitat de Girona: Generació de més evidència sobre resultats i percepció dels estudiants del aprenentatge cooperatiu</subfield>
   </datafield>
</record></metadata></record></GetRecord></OAI-PMH>